00377nam a2200145Ia 450000100060000000800410000602000180004704000130006508200180007810000240009624500520012026000410017230000110021354600070022472262160401s9999 xx 000 0 und d a9780140444025 cPK-LaUMT a 294.5bOFL-R aO'Plaherty, Doniger 4aThe rig vedaban anthologycO'Plaherty, Doniger aNew York,USA:bA Perigee Book,c2000 a343 p. aEN